CRIMINOLOGY (Record no. 12296)
[ view plain ]
| 000 -LEADER | |
|---|---|
| fixed length control field | 00289nam a22001337a 4500 |
| 008 - FIXED-LENGTH DATA ELEMENTS--GENERAL INFORMATION | |
| fixed length control field | 170427b xxu||||| |||| 00| 0 eng d |
| 020 ## - INTERNATIONAL STANDARD BOOK NUMBER | |
| International Standard Book Number | 9781422463321 |
| 041 ## - LANGUAGE CODE | |
| Language code of text/sound track or separate title | eng |
| 080 ## - UNIVERSAL DECIMAL CLASSIFICATION NUMBER | |
| Edition identifier | 7 ED |
| Universal Decimal Classification number | 343.9 |
| 100 ## - Rafti | |
| Rafti | 13 |
| 101 ## - Shkurtesa | |
| Shkurtesa | SHM |
| 245 ## - TITLE STATEMENT | |
| Title | CRIMINOLOGY |
| Statement of responsibility, etc | BROWN.S.E |
| 942 ## - ADDED ENTRY ELEMENTS (KOHA) | |
| Source of classification or shelving scheme | |
| Item type | Books |
| Withdrawn status | Lost status | Source of classification or shelving scheme | Damaged status | Not for loan | Collection code | Permanent location | Current location | Shelving location | Date acquired | Total Checkouts | Full call number | Barcode | Date last seen | Price effective from | Koha item type |
|---|---|---|---|---|---|---|---|---|---|---|---|---|---|---|---|
| Koleksioni Referal | UBT - Lipjan | UBT - Lipjan | Koleksioni i përgjithshem | 04/27/2017 | 343.9 BRO | 002-283147 | 04/27/2017 | 04/27/2017 | Books | ||||||
| Koleksioni Referal | UBT - Lipjan | UBT - Lipjan | Koleksioni i përgjithshem | 04/27/2017 | 343.9 BRO | 002-283152 | 04/27/2017 | 04/27/2017 | Books | ||||||
| Koleksioni Referal | UBT - Lipjan | UBT - Lipjan | Koleksioni i përgjithshem | 04/27/2017 | 343.9 BRO | 002-283157 | 04/27/2017 | 04/27/2017 | Books |